Statistics for U.S. States Prejudices

Click here to take the quiz!

General Stats

  • This quiz has been taken 62 times
  • The average score is 10 of 16

Answer Stats

Answer % Correct
{Hawaii} is annexed
86%
{Virginia} or {Ohio} is for lovers
86%
{Alaska} is melting
82%
{New York} is killing me
77%
{Minnesota} is better than Wisconsin
73%
{New Jersey} is a dump
70%
{Rhode Island} is not an island
68%
{Wyoming} is not real
66%
{Montana} is for badasses
66%
{Mississippi} is the fattest state
61%
{Nevada} is not a wasteland
61%
{Iowa} is too white
59%
{Utah} is weird
57%
{Tennessee} is nice but it ain't Texas
50%
{North Dakota} is a myth
43%
{Missouri} is the worst state
36%

Score Distribution

Percentile by Number Answered

Percent of People with Each Score

Your Score History

You have not taken this quiz